00739cam a22002293a 450000100060000000300060000600500170001200800410002904000150007004200070008505000070009210000400009924501500013926000290028950600300031851600200034865300220036865300220039070000260041283000290043885600420046741962PGUSA20140828083939.0130201s2013||||xxu|||||s|||||000 1 eng d aPGUSAbeng adc 4aPS1 aWhite, Samuel Alexander,d1885-195610aLaw of the North (Originally published as Empery) :bA Story of Love and Battle in Rupert's Landh[electronic resource] /cSamuel Alexander White bProject Gutenberg,c2013 aPublic domain in the USA. aElectronic text aAdventure stories aCanada -- Fiction1 aSkidmore, Thornton D. 0aProject Gutenbergv4196240uhttp://www.gutenberg.org/ebooks/41962